000 00672nam a2200217Ia 4500
003 GCL
008 140319s9999 xx 000 0 ara d
040 _aGCL /
_cGCL
082 0 4 _a328.3
_bم ن
100 1 _aمحمود الشربينى
245 1 0 _aنواب الكيف 000 بالوثائق : قصة تجار المخدرات فى مجلس الشعب /
_cمحمود الشربينى
260 _a[S.N] :
_bسفنكس للطباعة والنشر
300 _a177 ص
490 _a
650 0 4 _aالعصر الحديث
650 0 4 _aمصر
650 0 4 _aتاريخ
650 0 4 _aمجلس الشعب
650 0 4 _aتجار المخدرات
942 _2ddc
_cBK
999 _c28227
_d28227